The changing face of education : (Record no. 139005)

MARC details
000 -LEADER
fixed length control field 00605nam a22001937a 4500
005 - DATE AND TIME OF LATEST TRANSACTION
control field 20230511122046.0
010 ## - LCCN (DPL NO)
LC control number ENG-117780
020 ## - INTERNATIONAL STANDARD BOOK NUMBER
International Standard Book Number 9788173414787
Terms of availability 350.00
035 ## - SYSTEM CONTROL NUMBER
System control number EN-101312
037 ## - SOURCE OF ACQUISITION
Source of stock number/acquisition DBAD/PUB
082 ## - DEWEY DECIMAL CLASSIFICATION NUMBER
Classification number 373.19
100 ## - MAIN ENTRY--PERSONAL NAME
Personal name Singla, Preeti
245 ## - TITLE STATEMENT
Title The changing face of education :
Statement of responsibility, etc by Preeti Singla [and] Ranjay Vardhan
Remainder of title a new perspective /
260 ## - PUBLICATION, DISTRIBUTION, ETC. (IMPRINT)
Place of publication, distribution, etc Delhi
Name of publisher, distributor, etc Indian Publishers' Distributors
Date of publication, distribution, etc 2011
270 ## - ADDRESS
Address 166-D, Kamla Nagar
City Delhi
Postal code 110007
300 ## - PHYSICAL DESCRIPTION
Extent x,283p.
Dimensions 22cm(Hb)
700 ## - ADDED ENTRY--PERSONAL NAME
Personal name Vardhan,Ranjay
942 ## - ADDED ENTRY ELEMENTS (KOHA)
Source of classification or shelving scheme Dewey Decimal Classification
Item type English Books
Classification part 373.19
Call number suffix SIN
Holdings
Withdrawn status Lost status Not for loan Collection code Home library Current library Date acquired Source of acquisition Cost, normal purchase price Full call number Barcode Copy number Cost, replacement price Koha item type
      Non-fiction Shahdara Branch Shahdara Branch 18/04/2017 DBAD/PUB 350.00 373.19 SIN EN-101312 1 350.00 English Books

© Delhi Public Library
Hit Counter
free hit counter